000 00595nam a22001697a 4500
003 OSt
005 20260407104235.0
008 260407b |||||||| |||| 00| 0 eng d
040 _cMRSPTU
041 _aEnglish
100 _aShaveta Dargan, Supervisor: Munish Kumar
245 _aDevelopment of Gender Classification and Writer Identification Systems For Offline Handwritten Gurumukhi Text
260 _bDepartment of Computational Sciences, MRSPTU, Bathinda
_c2021
650 _aComputational Sciences
856 _uhttp://163.47.215.52:8080/jspui/handle/123456789/389
942 _2ddc
_cTH
_n0
999 _c11321
_d11321